000 00393nam a2200145 a 4500
001 3037
003 CDMR
005 20130312183252.0
008 130130s ||||||||||||||||||||||||||||d
040 _aCDMR
_bcat
_cCDMR
100 1 _aRoque Bacarreza, Francisco
_92229
245 1 0 _aPatrice Lumumba
_b: encrucijada de un pueblo
_cJuan-Francisco Roque-Bacarraza
260 _aBarcelona
942 _cTSN
_2udc
999 _c3037
_d3037